000 00388nam a2200157Ia 4500
003 LDD
008 181029s9999 xx 000 0 und d
020 _a8120202643
040 _cLDD
100 _aEngineer, Asghar Ali
245 0 _aReligion and liberation
_cAsghar Ali Engineer
260 _aDelhi
_bAjanta
_c1989
300 _aviii,239p.
901 _a758
_b24-02-1997
942 _2ddc
_cBK
999 _c42537
_d42537